=LDR 00000nam 2200000 4500 =001 INLIS000000000024749 =005 20130612123320 =008 ***********************************Ind** =035 ##$$0010-061300000024749 =041 ##$$a Ind =082 ##$$a 641.8 =090 ##$$a 641.8, Pit c =100 ##$$a Pitojo, Setijo =245 ##$$a Cincau Cara pembuatan dan variasi olhannya, Setijo, Pitojo =260 ##$$a 2005 $b Jakarta =300 ##$$a 66 hlm, 19 cm =650 ##$$a Cemilan - Pengolahan dan pembuatan =850 ##$$a NBPNMAT